Drobčekov nový domov

Bibliographic Details
Other Authors: Camm, Sue (Illustrator)
Format: Book
Language:Slovak
English
PhysicalDescription:[12] s. ilustr. 17 cm
Published: Skalica Grafobal 1995
ISBN:8085483661
Series:Čítaj mi
Subjects:

MARC

LEADER 00000cam a2200000 a 4500
001 vtls001079340
003 SK-MaSNL
005 20260331202814.0
008 160318s1995 xo a ara 0000j slo
015 |a SNBA1996/0100067 
020 |a 8085483661 
035 |a SNK000022177 
040 |a SNK  |b slo  |c SNK  |e AACR2 
041 1 |a slo  |h eng 
044 |a xo  |c SK 
080 |a 820-3(087.5)  |2 1981 
100 1 |a Camm, Sue  |4 ill  |9 244624 
245 1 0 |a Drobčekov nový domov  |c Sue Camm 
260 |a Skalica  |b Grafobal  |c 1995 
300 |a [12] s.  |b ilustr.  |c 17 cm 
490 1 |a Čítaj mi 
655 7 |a anglické rozprávky  |2 SNKPH  |9 70609 
655 7 |a autorské rozprávky  |2 SNKPH  |9 70727 
655 7 |a leporelá  |2 SNKPH  |9 60414 
655 7 |a literatúra pre deti  |2 SNKPH  |9 87135 
830 0 |a Čítaj mi  |9 450123 
852 |a Slovenská národná knižnica 
919 |a 80-85483-66-1 
954 |a ilustrované knihy, leporelá, komiksy cudzojazyčné (svetové)  |2 lita 
958 |a TL 
958 |a UP 
958 |a LX 
958 |a BQ 
958 |a DB 
958 |a GB 
999 |c 878331  |d 880261 
952 |t P60, <09>, [BOOK], {629}  |a SNK  |b SNK  |y NEVYP  |7 0  |o snkD 394  |i snk3911/951116  |0 0  |1 0  |4 0  |d 1995-11-15  |l 0  |r 2004-12-31 00:00:00  |w 2026-02-24 
952 |t P60, <03>, [BOOK], {603}  |a SNK  |b SNK  |y PREZ  |7 0  |o snkSD 67372  |i snkKSP 9508/95  |0 0  |1 0  |4 0  |d 1995-11-15  |l 0  |r 2004-12-31 00:00:00  |w 2026-02-24 
952 |t P60, <04>, [BOOK], {604}  |a SNK  |b SNK  |y VYP  |7 0  |p 17A0344109  |o snkSD 67372 D1  |i snkKSP 10317/95  |0 0  |1 0  |4 0  |d 1995-12-07  |l 0  |r 2004-12-31 00:00:00  |w 2026-02-24 
952 |a SNK  |b SNK  |y PREZ  |7 0  |p 17A1051239  |o snkSD 67372   |0 0  |1 0  |4 0  |d 2013-07-16  |l 0  |r 2026-02-24 06:06:08  |w 2026-02-24